| 000 | 00512nam a2200181 a 4500 | ||
|---|---|---|---|
| 005 | 20240913063821.0 | ||
| 008 | 991125s1937 mx 000 0 spa u | ||
| 035 | _aUPN01000013805 | ||
| 049 | _aCG | ||
| 050 | 4 |
_aHX542 _bS2.3 |
|
| 100 | 1 |
_aSalazar Mallén, Rubén, _d1905-1986 _929896 |
|
| 245 | 1 | 3 |
_aLa democracia y el comunismo / _c[Rubén Salazar Mallén]. |
| 260 |
_aMéxico : _b[s. n.], _c1937. |
||
| 300 | _a58 p. | ||
| 650 | 4 |
_aComunismo y sociedad _910301 |
|
| 650 | 4 |
_aDemocracia _96020 |
|
| 905 | _aLibro | ||
| 999 |
_c13805 _d13805 |
||